| 000 | 00490pam a2200181 a 4500 | ||
|---|---|---|---|
| 020 | _a0867208708 (pbk.) | ||
| 040 | _cDLC | ||
| 082 | _a576 JON 1994 A034 Or. | ||
| 100 | 1 | _aHartl, Daniel L. | |
| 245 | 1 | 0 | _aGenetics / |
| 250 | _a3rd ed. | ||
| 260 |
_aBoston : _bJones and Bartlett, _cc1994. |
||
| 300 |
_axix, 584 p. : _bill. (some col.) ; _c28 cm. |
||
| 500 | _aPrevious eds. published under title: Basic genetics. | ||
| 650 | 0 | _aGenetics. | |
| 700 | 1 | 2 | _aHartl, Daniel L. |
| 942 | _cEK | ||
| 999 |
_c12539 _d12539 |
||